about tanks-4 choice+hard! - Statistics

General Stats
  • This quiz has been taken 16 times
  • The average score is 6 of 12
Answer Stats
Question Answer % Correct
can pak-40 destroy T-26? yes
93%
what year did the T-34-85 knock out 3 king tiger/tiger II? 1944
92%
is the ratte/rat sent to battle? no
87%
how thick is tiger I armor thick is? 100mm
67%
what year did the T-34 get a flamethrower? 1941
64%
what is T-34 second name? a34
50%
what color do the us tank use? beige
46%
when TSAR tank discontinue? 1923
36%
how wide is the L11 T-34 gun is? 45mm
36%
how the zis-3 cannon wide is? 80mm
33%
what color do the french tank use? teal
29%
when M1A2 invented? 1980
20%
What year did a TKS tankette hunted panzers? 1944
15%
No matching quizzes found
Score Distribution
Percent of People with Each Score
Percentile by Number Answered
Your Score History
You have not taken this quiz